00709cam a22002531 4500001001300000003000400013005001700017008004100034010001700075035001900092040004800111041001300159042001200172050001600184100002000200245005700220260004400277300002600321440003100347504003100378650001900409651001000428999001700438pa 61000025 DLC20260227111855.0741021s1961 dcua b 000 0 eng c apa 61000025  a(OCoLC)1048549 aPan American Union. LibrarycOTdOCoLCdDLC1 aenghund apremarc00aN6715b.A631 aAcha V, Juan W.10aPeru.cEnglish translation by William McLeod Rivera. aWashington,bPan American Union,c1961. a19 p.billus.c19 cm. 0aArt in Latin America today aBibliography: p. [23]-[24] 0aArt, Peruvian. 0aPeru. c51460d51460